Austin FC current squad - Statistics

General Stats
  • This quiz has been taken 10 times
  • The average score is 14 of 27
Answer Stats
Number Player % Correct
1 Brad Stuver
100%
14 Diego Fagundez
100%
7 Sebastian Driussi
100%
8 Alexander Ring
78%
18 Julio Cascante
78%
37 Maximiliano Urruti
78%
17 Jon Gallagher
67%
10 Cecilio Dominguez
56%
6 Daniel Pereira
56%
13 Ethan Finlay
44%
20 Jared Stroud
44%
5 Jhojan Valencia
44%
15 Kipp Keller
44%
2 Moussa Djitté
44%
24 Nick Lima
44%
33 Owen Wolff
44%
11 Rodney Redes
44%
23 Zan Kolmanic
44%
31 Andrew Tarbell
33%
9 Danny Hoesen
33%
16 Hector Jimenez
33%
4 Ruben Gabrielsen
33%
26 Charlie Asensio
22%
12 Damian Las
22%
22 Felipe Martins
22%
19 Freddy Kleeman
22%
3 Jhohan Romana
22%
No matching quizzes found
Score Distribution
Percent of People with Each Score
Percentile by Number Answered
Your Score History
You have not taken this quiz